Tecido, cordel e ráfia (Registo nº 3426)

Detalhes MARC
000 -Etiqueta do registo
Cabeçalho 00658nam a22002651 4500
005 - Identificador da versão
Campo de controlo 20240813122001.0
010 ## - Número internacional normalizado dos livros (ISBN)
Número (ISBN) 8440117124
100 ## - Dados gerais de processamento
Dados gerais de processamento 20020423d1987 da y0pory5003 ba
102 ## - Pais de publicação ou produção
País de publicação Portugal
101 1# - Língua de publicação
Língua do texto, banda sonora, etc. Português
Língua do documento no original Espanhol
106 ## - Campo de dados codificados: material textual
Dados codificados do material textual r
105 ## - Campo de dados codificados: livros
Dados codificados dos livros a z 001yy
215 ## - Descrição física 
Indicação específica da natureza do documento e extensão da espécie 160 p.
Outras indicações físicas il.
Dimensões 30 cm
200 1# - Titulo e menção de responsabilidade
Título próprio Tecido, cordel e ráfia
Primeira menção de responsabilidade Vertice
225 2# - Colecção 
Título próprio da colecção Trevo de quatro folhas
Indicação de volume 3
205 ## - Menção da edição
Menção da edição 1ª ed
210 ## - Publicação, Distribuição, etc. 
Lugar da edição, distribuição, etc. [S.l.]
Nome do editor, distribuidor, etc. Vertice
Data da publicação, distribuição, etc. 1987
606 ## - Nome comum usado como assunto
Número de registo de entrada de autoridade 0001439
Palavra de ordem Arte
Subdivisão de assunto Trabalhos manuais
675 ## - Classificação Decimal Universal (CDU)
Notação 73
Edição
Língua da edição por
710 02 - Nome de colectividade-autor (responsabilidade principal)
Número de registo de entrada de autoridade 0002739
Palavra de ordem Vertice
942 ## - Elementos de entrada adicionados (Koha)
Tipo de item no Koha Livro
Exemplares
Situação do levantamento Origin of item (home branch) (coded) Biblioteca de empréstimo Código de barras Cota Circulation type (not for loan) Tipo de documento Nota do exemplar Damaged status
  Biblioteca Escolar da Coca Maravilhas Biblioteca Escolar da Coca Maravilhas BECM5773/02 7TMA VER   Livro Sem mensagem